[Event "Wch U18 blitz"]
[Site "Terme Catez"]
[Date "2024.12.16"]
[Round "14"]
[White "Herega, Nejc"]
[Black "Zidar, Jernej"]
[Result "1-0"]
[WhiteElo "2249"]
[BlackElo "2091"]
[PlyCount "208"]
[EventDate "2024.12.16"]
[EventType "swiss (blitz)"]
[EventRounds "22"]
[EventCountry "SLO"]
[SourceTitle "CB51_2024"]
[SourceDate "2024.12.18"]
[SourceVersion "1"]
[SourceVersionDate "2024.12.18"]
[SourceQuality "1"]

1. d4 Nf6 2. c4 c6 3. Nf3 d5 4. Qc2 e6 5. e3 Nbd7 6. Nbd2 Bd6 7. b3 e5 8. dxe5 Nxe5 9. Bb2 Qe7 10. Nxe5 Bxe5 11. Nf3 Bxb2 12. Qxb2 0-0 13. h3 Bf5 14. Be2 dxc4 15. bxc4 h6 16. 0-0 Rab8 17. Nd4 Bg6 18. Rfd1 Ne4 19. Bd3 Qf6 20. Bxe4 Bxe4 21. Rd2 Rfd8 22. Rad1 Kh7 23. Qa3 Qg5 24. f3 Bg6 25. Ne2 Bf5 26. Rxd8 Rxd8 27. Rxd8 Qxd8 28. Qc1 Qa5 29. Ng3 Bd3 30. Qb2 Qe1+ 31. Kh2 Qxe3 32. Qxb7 Bxc4 33. Qxc6 Be6 34. Qa4 Qf2 35. a3 Bd5 36. Qf4 Qa2 37. a4 a5 38. Nf5 Qc4 39. Qe5 f6 40. Qg3 g6 41. Ne7 Bf7 42. Qd6 Qe6 43. Qxe6 Bxe6 44. Nc6 Bd7 45. Nxa5 Bxa4 46. Nc4 Bc6 47. Kg3 Kg7 48. Kf2 f5 49. f4 Kf6 50. g3 Bd5 51. Ne3 Be4 52. Nd1 g5 53. Ke3 Bg2 54. Nf2 gxf4+ 55. Kxf4 Bc6 56. Nd1 Bb5 57. Ne3 Bd7 58. Nd5+ Ke6 59. Nb4 Bb5 60. Nc2 Kf6 61. Ne3 Bd7 62. Nd5+ Ke6 63. Nc3 Bc6 64. Ne2 Kf6 65. Ke3 Bd7 66. Kd4 Bc8 67. Kd5 Bb7+ 68. Kd6 Bg2 69. Nf4 Be4 70. h4 Bc2 71. Kd7 Ba4+ 72. Kd8 Bb5 73. Nd5+ Kf7 74. Nf4 Bc4 75. Kc7 Bf1 76. Kd6 Kf6 77. Nd5+ Kf7 78. Ke5 Bd3 79. Ne3 Kg6 80. Ng2 Bc2 81. Nf4+ Kf7 82. Ne2 Bd3 83. Nd4 Kg6 84. Ne6 Bc2 85. Nf8+ Kf7 86. Nd7 Kg6 87. Nf6 Bb1 88. Nd5 Bc2 89. Nf4+ Kf7 90. h5 Ke7 91. Nd5+ Kf7 92. Ne3 Bd3 93. Nxf5 Be2 94. Nxh6+ Kg7 95. Nf5+ Kh7 96. h6 Bg4 97. Kf4 Be2 98. Kg5 Bd3 99. Ne3 Be4 100. Ng4 Bc6 101. Nf6+ Kh8 102. g4 Bf3 103. Kf4 Bxg4 104. Nxg4 Kh7 1-0

[Event "Ljubljana op"]
[Site "Ljubljana"]
[Date "2024.05.03"]
[Round "8"]
[White "Vidic, Teja"]
[Black "Zidar, Jernej"]
[Result "1-0"]
[WhiteElo "2139"]
[BlackElo "2000"]
[PlyCount "51"]
[EventDate "2024.04.27"]
[EventType "swiss"]
[EventRounds "9"]
[EventCountry "SLO"]
[SourceTitle "CBM 220 Extra"]
[Source "ChessBase"]
[SourceDate "2024.07.31"]
[SourceVersion "1"]
[SourceVersionDate "2024.07.31"]
[SourceQuality "1"]

1. e4 c5 2. Nc3 d6 3. d4 cxd4 4. Qxd4 Nc6 5. Qd2 Nf6 6. b3 e6 7. Bb2 a6 8. 0-0-0 b5 9. f4 b4 10. Na4 Nxe4 11. Qe3 d5 12. Bd3 f5 13. g4 Ne7 14. Nf3 Bd7 15. Nb6 Rb8 16. Nxd7 Qxd7 17. Ne5 Qb7 18. gxf5 exf5 19. Bxe4 fxe4 20. Qh3 h5 21. Qe6 Qc8 22. Qf7+ Kd8 23. Rxd5+ Nxd5 24. Qxd5+ Kc7 25. Qc6+ Kd8 26. Rd1+ 1-0

[Event "Portoroz op 14th"]
[Site "Portoroz"]
[Date "2023.07.18"]
[Round "5"]
[White "Zidar, Jernej"]
[Black "Hrabinska, Myroslava"]
[Result "0-1"]
[WhiteElo "1889"]
[BlackElo "2210"]
[PlyCount "118"]
[EventDate "2023.07.15"]
[EventType "swiss"]
[EventRounds "9"]
[EventCountry "SLO"]
[SourceTitle "CBM 215 Extra"]
[Source "ChessBase"]
[SourceDate "2023.09.30"]
[SourceVersion "1"]
[SourceVersionDate "2023.09.30"]
[SourceQuality "1"]

1. d4 Nf6 2. Nf3 d5 3. g3 e6 4. Bg2 Be7 5. 0-0 0-0 6. c4 c6 7. Nc3 Nbd7 8. b3 b6 9. Bb2 Ba6 10. Qd3 c5 11. Nb5 Bxb5 12. cxb5 Rc8 13. Rac1 Re8 14. Rfd1 h6 15. h4 Rc7 16. dxc5 Nxc5 17. Qd4 Qd7 18. Ne5 Qxb5 19. Bf1 Rec8 20. e4 Qe8 21. exd5 exd5 22. Ng4 Ne6 23. Nxf6+ Bxf6 24. Qd2 Bxb2 25. Rxc7 Rxc7 26. Qxb2 Qc6 27. Qe5 Qc2 28. Rxd5 Qxa2 29. Rd8+ Nxd8 30. Qxc7 Ne6 31. Qc8+ Nf8 32. Bc4 Qa1+ 33. Kg2 a5 34. Qb7 Qf6 35. Qc7 g6 36. Kg1 Kg7 37. Qb7 h5 38. Qc7 Nh7 39. f4 b5 40. Bxb5 Qd4+ 41. Kf1 Qd1+ 42. Kf2 Qxb3 43. Bc4 Qc2+ 44. Ke3 Qf5 45. Bb3 Nf8 46. Kf2 Nd7 47. Qc4 Qc5+ 48. Ke2 Qxc4+ 49. Bxc4 Nc5 50. Ke3 f5 51. Kd2 Ne4+ 52. Kc2 Kf6 53. Kb2 Nxg3 54. Ka3 Ne4 55. Ka4 Nc5+ 56. Kxa5 Ne6 57. Kb4 Nxf4 58. Bf1 g5 59. hxg5+ Kxg5 0-1

[Event "SLO-chT Central 23rd"]
[Site "Slovenia"]
[Date "2022.11.10"]
[Round "8.2"]
[White "Praznik, Anton"]
[Black "Zidar, Jernej"]
[Result "1-0"]
[WhiteElo "2096"]
[BlackElo "1665"]
[PlyCount "115"]
[EventDate "2022.09.15"]
[EventType "team-swiss"]
[EventRounds "9"]
[EventCountry "SLO"]
[SourceTitle "EXT 2024"]
[Source "ChessBase"]
[SourceDate "2023.10.10"]
[SourceVersion "1"]
[SourceVersionDate "2023.10.10"]
[SourceQuality "1"]
[WhiteTeam "Vrhnika"]
[BlackTeam "Komenda Popotnik"]
[WhiteTeamCountry "SLO"]
[BlackTeamCountry "SLO"]

1. e4 c5 2. Nf3 d6 3. Bb5+ Bd7 4. Bxd7+ Nxd7 5. 0-0 Ngf6 6. Re1 e6 7. c3 Be7 8. d4 cxd4 9. cxd4 0-0 10. Nc3 Nb6 11. h3 Rc8 12. Qd3 a6 13. b3 e5 14. Bb2 Nbd7 15. Rad1 Qa5 16. a3 b5 17. b4 Qc7 18. Rc1 Qb8 19. dxe5 Nxe5 20. Nxe5 dxe5 21. Nd5 Nxd5 22. exd5 Bd6 23. Rc6 Rxc6 24. dxc6 Bc7 25. Qf5 Qc8 26. g4 f6 27. Rd1 Bb6 28. Rd6 Rd8 29. Qd3 Qc7 30. Qd5+ Kh8 31. Rd7 Rxd7 32. cxd7 h6 33. Kg2 Kh7 34. Qd3+ Kh8 35. Qd5 Kh7 36. Qd2 Qc6+ 37. f3 Qc7 38. Bc3 Qc4 39. Ba1 Qc7 40. h4 Qc4 41. h5 Qc7 42. Kf1 Qc6 43. Ke2 Qc4+ 44. Qd3+ Kg8 45. Qxc4+ bxc4 46. a4 Kf7 47. a5 Bc7 48. b5 Ke7 49. bxa6 Bb8 50. Bc3 Kxd7 51. Bb4 Ba7 52. Bf8 Ke6 53. Bxg7 f5 54. Bxh6 f4 55. Bf8 e4 56. Bg7 e3 57. Bc3 Kf7 58. Be5 1-0

[Event "SLO-chT Central 22nd"]
[Site "Slovenia"]
[Date "2021.10.14"]
[Round "5.4"]
[White "Zidar, Jernej"]
[Black "Rojs, Lan"]
[Result "1-0"]
[WhiteElo "1684"]
[BlackElo "1000"]
[PlyCount "57"]
[EventDate "2021.09.16"]
[EventType "team-tourn"]
[EventRounds "7"]
[EventCountry "SLO"]
[SourceTitle "EXT 2024"]
[Source "ChessBase"]
[SourceDate "2023.10.10"]
[SourceVersion "1"]
[SourceVersionDate "2023.10.10"]
[SourceQuality "1"]
[WhiteTeam "Komenda Popotnik"]
[BlackTeam "Trzin Buscotrade"]
[WhiteTeamCountry "SLO"]
[BlackTeamCountry "SLO"]

1. d4 Nf6 2. Nf3 e6 3. g3 d5 4. Bg2 Be7 5. 0-0 0-0 6. c4 b6 7. Nc3 Bb7 8. b3 dxc4 9. bxc4 c5 10. e3 Na6 11. Qe2 Ne4 12. Bb2 Nxc3 13. Bxc3 Qc7 14. d5 exd5 15. cxd5 Bd6 16. e4 f6 17. Nd2 Nb4 18. Bxb4 cxb4 19. Bh3 a5 20. Qh5 Bc8 21. Rac1 Qe7 22. Rc6 Bc5 23. d6 Qd8 24. d7 Bb7 25. Be6+ Kh8 26. Bf5 g6 27. Bxg6 Qe7 28. Rc7 Ba6 29. d8Q 1-0

[Event "Ljubljana-chT 72nd Superliga"]
[Site "Ljubljana"]
[Date "2019.01.24"]
[Round "3.4"]
[White "Groselj, Kaja"]
[Black "Zidar, Jernej"]
[Result "0-1"]
[WhiteElo "1474"]
[BlackElo "1677"]
[PlyCount "76"]
[EventDate "2019.01.10"]
[EventType "team-tourn"]
[EventRounds "7"]
[EventCountry "SLO"]
[SourceTitle "EXT 2024"]
[Source "ChessBase"]
[SourceDate "2023.10.10"]
[SourceVersion "1"]
[SourceVersionDate "2023.10.10"]
[SourceQuality "1"]
[WhiteTeam "Domzale Tajfun"]
[BlackTeam "Komenda Popotnik"]
[WhiteTeamCountry "SLO"]
[BlackTeamCountry "SLO"]

1. d4 Nf6 2. e3 g6 3. Bd3 d5 4. Nd2 Bg7 5. f4 e6 6. Ngf3 Nbd7 7. 0-0 0-0 8. Ne5 c5 9. b3 cxd4 10. exd4 Qb6 11. Bb2 Ne8 12. Kh1 Nd6 13. Qe2 Re8 14. c3 Qd8 15. Rae1 Nf5 16. g4 Nd6 17. Qg2 f6 18. f5 fxe5 19. fxe6 Rxe6 20. Qxd5 Nf6 21. Qf3 exd4 22. cxd4 Rxe1 23. Rxe1 Bxg4 24. Qf4 Bf5 25. Be2 Kh8 26. Ba3 Nde4 27. Nxe4 Nxe4 28. Bc4 Qxd4 29. Qf3 Nf2+ 30. Kg2 Bh3+ 31. Kg3 Be5+ 32. Rxe5 Qxe5+ 33. Kxf2 Qxh2+ 34. Ke3 Re8+ 35. Kd3 Bf5+ 36. Kc3 Qe5+ 37. Kb4 a5+ 38. Ka4 Bd7+ 0-1

[Event "SLO-CupT"]
[Site "Komenda"]
[Date "2018.06.02"]
[Round "2.2"]
[White "Srebrnic, Vojko"]
[Black "Zidar, Jernej"]
[Result "1-0"]
[WhiteElo "2132"]
[BlackElo "1554"]
[PlyCount "93"]
[EventDate "2018.06.01"]
[EventType "team-swiss"]
[EventRounds "5"]
[EventCountry "SLO"]
[SourceTitle "EXT 2020"]
[Source "ChessBase"]
[SourceDate "2019.10.17"]
[SourceVersion "1"]
[SourceVersionDate "2019.10.17"]
[SourceQuality "1"]
[WhiteTeam "Nova Gorica"]
[BlackTeam "Komenda Pogi"]
[WhiteTeamCountry "SLO"]
[BlackTeamCountry "SLO"]

1. e4 c5 2. Nc3 d6 3. f4 Nf6 4. Nf3 a6 5. a4 e6 6. Be2 Be7 7. 0-0 Nbd7 8. d3 Qc7 9. a5 b5 10. axb6 Nxb6 11. Qe1 0-0 12. Bd2 Bb7 13. b3 Rfd8 14. Na4 Nxa4 15. Rxa4 Qd7 16. Ba5 Rdc8 17. Nd2 d5 18. e5 Ne8 19. Bf3 Bc6 20. Ra1 Nc7 21. c4 d4 22. Bxc6 Qxc6 23. Ne4 Rab8 24. Ra3 Rb7 25. Qd1 Rcb8 26. Rf2 Bf8 27. Rfa2 Ra8 28. Qf3 Kh8 29. Qh5 g6 30. Qh3 Bg7 31. Nd6 Rba7 32. Nxf7+ Kg8 33. Nd6 Qd7 34. Bxc7 Rxc7 35. Rxa6 Rf8 36. Ra8 Rxa8 37. Rxa8+ Bf8 38. Ne8 Qf7 39. Nxc7 Qxc7 40. Qxe6+ Qf7 41. Rxf8+ Kxf8 42. Qxf7+ Kxf7 43. Kf2 Ke6 44. Kf3 h5 45. Ke4 h4 46. g4 hxg3 47. hxg3 1-0